Normal view
MARC view
- Yule, George,
Entry Personal Name
001 - CONTROL NUMBER
- control field: 39798
003 - CONTROL NUMBER IDENTIFIER
- control field: OSt
005 - DATE AND TIME OF LATEST TRANSACTION
- control field: 20160720153252.0
008 - FIXED-LENGTH DATA ELEMENTS
- fixed length control field: 160411|| aca||aabn | a|a d
040 ## - CATALOGING SOURCE
- Original cataloging agency: OSt
100 1# - HEADING--PERSONAL NAME
- Personal name: Yule, George,
- Dates associated with a name: 1947-
400 1# - SEE FROM TRACING--PERSONAL NAME
- Personal name: يول، جورج،
- Dates associated with a name: 1947-